Statistics for Countries in the AFL International Cup

Click here to take the quiz!

General Stats

  • This quiz has been taken 13 times
  • The average score is 22 of 26

Answers on the Map

Answers color-coded by a green-red scale on the quiz's map according to % correct below.
 

Answer Stats

AnswerNickname% Correct
CanadaNorthwind (men)
Northern Lights (women)
100%
FranceLes Coqs (men)
100%
IrelandWarriors (men)
Banshees (women)
100%
New ZealandHawks (men)
100%
United KingdomBulldogs (men)
Swans (women)
100%
United StatesRevolution (men)
Freedom (women)
100%
ChinaDragons (men)
91%
DenmarkVikings (men)
91%
FijiTribe (men)
Vonu (women)
91%
GermanyEagles (men)
91%
IndonesiaGarudas (men)
91%
JapanSamurais (men)
91%
SpainBulls (men)
91%
SwedenElks (men)
91%
FinlandIcebreakers (men)
82%
IndiaBombers (men)
82%
Papua New GuineaMosquitos (men)
Flame (women)
82%
SamoaKangaroos (men)
82%
South AfricaLions (men)
82%
TongaTigers (men)
Black Marlin (women)
82%
NauruChiefs (men)
73%
PakistanDragoons (men)
Shaheens (women)
73%
Israel–PalestinePeres Team for Peace (men)
64%
CroatiaKnights (men)
55%
Sri LankaLions (men)
55%
East TimorCrocs (men)
45%

Score Distribution

Percentile by Number Answered

Percent of People with Each Score

Your Score History

You have not taken this quiz